What Team Does this Player Play For? - Statistics

General Stats
  • This quiz has been taken 6 times
  • The average score is 13 of 16
Answer Stats
Player Team % Correct
Marcus Smart Lakers
100%
Jeremiah Fears Pelicans
100%
Jordan Poole Pelicans
100%
Kristaps Porzingis Warriors
100%
Trae Young Wizards
100%
Anthony Davis Wizards
100%
Darius Garland Clippers
83%
Jaren Jackson Jazz
83%
Ivica Zubac Pacers
83%
Sandro Mamukelashvili Raptors
83%
Brandon Ingram Raptors
83%
Khris Middleton Mavericks
67%
Jrue Holiday Blazers
50%
Sviatoslav Mykhailiuk Jazz
50%
Kevin Huerter Pistons
50%
Danny Wolf Nets
33%
No matching quizzes found
Score Distribution
Percent of People with Each Score
Percentile by Number Answered
Your Score History
You have not taken this quiz